[Event "Titled Tuesday intern op 14th Dec"]
[Site "Chess.com INT"]
[Date "2021.12.14"]
[Round "1"]
[White "Gaehwiler, Gabriel"]
[Black "Hu, Bryan"]
[Result "1-0"]
[WhiteElo "2400"]
[BlackElo "2263"]
[PlyCount "113"]
[EventDate "2021.12.14"]
[EventType "swiss (blitz)"]
[EventRounds "11"]
[EventCountry "USA"]
[SourceTitle "EXT 2023"]
[Source "ChessBase"]
[SourceDate "2022.10.05"]
[SourceVersion "1"]
[SourceVersionDate "2022.10.05"]
[SourceQuality "1"]

1. d4 Nf6 2. c4 c6 3. Nf3 d5 4. Nc3 g6 5. e3 Bg7 6. Be2 0-0 7. 0-0 b6 8. a4 a5 9. cxd5 cxd5 10. Nb5 Ne4 11. Nd2 Nd6 12. Nc3 e6 13. b3 Ba6 14. Ba3 Re8 15. Rc1 Bf8 16. Nf3 Bxe2 17. Qxe2 Qd7 18. Ne5 Qb7 19. Ng4 Kg7 20. Bxd6 Bxd6 21. Nb5 Qe7 22. Qf3 f5 23. Nxd6 Qxd6 24. Ne5 Nd7 25. Rc6 Nxe5 26. Rxd6 Nxf3+ 27. gxf3 Rab8 28. Rc1 Rec8 29. Rxc8 Rxc8 30. Rxb6 Kf6 31. f4 Rc3 32. Kg2 h6 33. h4 Rc1 34. Rb5 Rb1 35. Kf3 Rb2 36. Rxa5 Rxb3 37. Rb5 Ra3 38. a5 Ra2 39. Kg2 Ra1 40. Kh2 Ra2 41. Kg1 Ra1+ 42. Kg2 Ra3 43. Kf1 Ra2 44. Ke1 g5 45. hxg5+ hxg5 46. fxg5+ Kxg5 47. Rb6 Rxa5 48. Rxe6 f4 49. Ke2 fxe3 50. fxe3 Kg4 51. Re5 Rb5 52. Kd3 Ra5 53. Kc3 Kf3 54. e4 Ra3+ 55. Kb4 Rd3 56. exd5 Rxd4+ 57. Kc5 1-0

[Event "Titled Tuesday intern op 14th Dec"]
[Site "Chess.com INT"]
[Date "2021.12.14"]
[Round "2"]
[White "Kovalev, Denis"]
[Black "Hu, Bryan"]
[Result "1-0"]
[WhiteElo "2487"]
[BlackElo "2263"]
[PlyCount "63"]
[EventDate "2021.12.14"]
[EventType "swiss (blitz)"]
[EventRounds "11"]
[EventCountry "USA"]
[SourceTitle "EXT 2023"]
[Source "ChessBase"]
[SourceDate "2022.10.05"]
[SourceVersion "1"]
[SourceVersionDate "2022.10.05"]
[SourceQuality "1"]

1. Nf3 Nf6 2. c4 e6 3. g3 d5 4. Bg2 Be7 5. 0-0 0-0 6. d4 dxc4 7. Ne5 Nc6 8. Bxc6 bxc6 9. Nxc6 Qd6 10. Nxe7+ Qxe7 11. Qc2 c5 12. Qxc4 cxd4 13. Qxd4 h6 14. Nc3 Bb7 15. Be3 Rfc8 16. Rfd1 a5 17. Rac1 Qb4 18. a3 Qxb2 19. Bxh6 Qxa3 20. Nb5 Qe7 21. Bg5 Rxc1 22. Rxc1 Bd5 23. e4 Bb7 24. Rc7 Qb4 25. Rxb7 Qxd4 26. Nxd4 Nxe4 27. Be7 a4 28. Nb5 Nd2 29. Kg2 Nc4 30. Rc7 a3 31. Nc3 Ne5 32. Na2 1-0

[Event "Titled Tuesday intern op 02nd Mar"]
[Site "Chess.com INT"]
[Date "2021.03.02"]
[Round "2"]
[White "Hu, Bryan"]
[Black "Baker, Chris W"]
[Result "1-0"]
[WhiteElo "2263"]
[BlackElo "2227"]
[PlyCount "79"]
[EventDate "2021.03.02"]
[EventType "swiss (blitz)"]
[EventRounds "11"]
[EventCountry "USA"]
[SourceTitle "CBM 201 Extra"]
[Source "ChessBase"]
[SourceDate "2021.05.31"]
[SourceVersion "1"]
[SourceVersionDate "2021.05.31"]
[SourceQuality "1"]

1. d4 Nf6 2. Nf3 g6 3. c4 Bg7 4. Nc3 d5 5. Qb3 dxc4 6. Qxc4 0-0 7. e4 c5 8. d5 b6 9. e5 Nfd7 10. Qf4 e6 11. Bc4 b5 12. dxe6 bxc4 13. exd7 Qxd7 14. 0-0 Nc6 15. Be3 Nd4 16. Nxd4 cxd4 17. Bxd4 Bb7 18. Rad1 Rfd8 19. Rfe1 Qc6 20. f3 Bf8 21. Bf2 Rd3 22. Ne4 Rad8 23. Nf6+ Kh8 24. Rc1 Qe6 25. Qh4 h5 26. Rxc4 Bh6 27. Rc7 Ba8 28. Qc4 Qxc4 29. Rxc4 Rd1 30. Kf1 Rxe1+ 31. Kxe1 Bf8 32. a3 Bb7 33. Rc7 Ba6 34. Rxf7 Bg7 35. Rxa7 Bc4 36. Rc7 Bb3 37. Be3 Bxf6 38. exf6 Re8 39. Kd2 Bf7 40. Rxf7 1-0

[Event "Titled Tuesday intern op 02nd Mar"]
[Site "Chess.com INT"]
[Date "2021.03.02"]
[Round "4"]
[White "Hu, Bryan"]
[Black "Silva, Kevin Ranidu"]
[Result "1-0"]
[WhiteElo "2263"]
[BlackElo "1958"]
[PlyCount "61"]
[EventDate "2021.03.02"]
[EventType "swiss (blitz)"]
[EventRounds "11"]
[EventCountry "USA"]
[SourceTitle "CBM 201 Extra"]
[Source "ChessBase"]
[SourceDate "2021.05.31"]
[SourceVersion "1"]
[SourceVersionDate "2021.05.31"]
[SourceQuality "1"]

1. d4 Nf6 2. Nf3 d5 3. c4 c6 4. Nc3 Bf5 5. e3 Nbd7 6. Qb3 Qb6 7. c5 Qc7 8. Be2 e6 9. 0-0 b6 10. cxb6 axb6 11. Nh4 Bd6 12. h3 Bg6 13. Nxg6 hxg6 14. Rd1 g5 15. Qc2 g4 16. hxg4 Bh2+ 17. Kf1 Bg1 18. Bf3 Bh2 19. e4 dxe4 20. Nxe4 Nd5 21. Bg5 Rc8 22. Rac1 Bg3 23. fxg3 f6 24. Bd2 f5 25. gxf5 exf5 26. Ng5 Qxg3 27. Qxf5 N5f6 28. Bf4 Qh4 29. Re1+ Kf8 30. Bd6+ Kg8 31. Qe6# 1-0

[Event "Titled Tuesday intern op 14th April"]
[Site "Chess.com INT"]
[Date "2020.04.14"]
[Round "3"]
[White "Shahil, Dey"]
[Black "Hu, Bryan"]
[Result "1-0"]
[WhiteElo "2376"]
[BlackElo "2263"]
[PlyCount "75"]
[EventDate "2020.04.14"]
[EventType "swiss (blitz)"]
[EventRounds "10"]
[EventCountry "USA"]
[SourceTitle "EXT 2021"]
[Source "ChessBase"]
[SourceDate "2020.10.23"]
[SourceVersion "1"]
[SourceVersionDate "2020.10.23"]
[SourceQuality "1"]

1. e3 Nf6 2. d4 g6 3. Nf3 Bg7 4. b3 0-0 5. Bb2 d5 6. Nbd2 c6 7. Bd3 Bg4 8. 0-0 Nbd7 9. h3 Bxf3 10. Nxf3 a5 11. a4 Qb6 12. c4 e6 13. Ba3 Rfe8 14. Rb1 Ne4 15. Qc2 f5 16. b4 axb4 17. Rxb4 Qc7 18. Rfb1 Ra7 19. Qb3 b6 20. cxd5 exd5 21. Rc1 Qb7 22. Qc2 Rc8 23. Rbb1 Qa8 24. Bb5 Rac7 25. Be2 c5 26. dxc5 bxc5 27. Bb5 Nc3 28. Rb3 d4 29. Bc4+ Kh8 30. Ng5 Ne5 31. Be6 Rd8 32. f4 Nc6 33. Nf7+ Rxf7 34. Bxf7 Qa5 35. Bb2 Qxa4 36. Bxc3 dxc3 37. Rxc3 Nb4 38. Qxa4 1-0

[Event "American op 54th"]
[Site "Costa Mesa"]
[Date "2018.11.23"]
[Round "4"]
[White "Hu, Bryan"]
[Black "Yan, Rui Yang"]
[Result "1-0"]
[WhiteElo "1806"]
[BlackElo "1944"]
[PlyCount "120"]
[EventDate "2018.11.22"]
[EventType "swiss"]
[EventRounds "8"]
[EventCountry "USA"]
[SourceTitle "CBM 188 Extra"]
[Source "ChessBase"]
[SourceDate "2019.02.26"]
[SourceVersion "1"]
[SourceVersionDate "2019.02.26"]
[SourceQuality "1"]

1. e4 c5 2. Nf3 d6 3. d4 cxd4 4. Nxd4 Nf6 5. Nc3 a6 6. Be2 e5 7. Nb3 Be7 8. 0-0 0-0 9. Be3 Nbd7 10. Bf3 b6 11. a4 Bb7 12. g3 Re8 13. Bg2 Bf8 14. Qe2 Rc8 15. Rfd1 Qc7 16. Rac1 Qb8 17. Nd2 Nc5 18. Bg5 Nfd7 19. Nf1 Bc6 20. Ra1 Qa8 21. f3 g6 22. Be3 Nf6 23. Bg5 Nfd7 24. Qd2 Qb8 25. Bh6 Bxh6 26. Qxh6 Ne6 27. Ne2 b5 28. a5 Nf6 29. g4 Ba8 30. Rd2 Red8 31. Rad1 Qc7 32. Ne3 Qc5 33. Kh1 b4 34. Nf5 Ne8 35. Ne7+ Kh8 36. Nxc8 Rxc8 37. f4 exf4 38. Nxf4 Kg8 39. Nxe6 fxe6 40. Rf1 Ng7 41. Rdf2 Qe5 42. Qf4 Qxf4 43. Rxf4 Bc6 44. Rf7 Nf5 45. Ra7 Ne3 46. Rff7 Nxg2 47. Kxg2 Bxe4+ 48. Kf2 g5 49. Rfd7 d5 50. c3 bxc3 51. bxc3 Bd3 52. Ke3 Bb5 53. Rg7+ Kf8 54. Rxh7 Rxc3+ 55. Kd2 Rd3+ 56. Kc2 Kg8 57. Rhb7 Rf3 58. Ra8+ Rf8 59. Rxf8+ Kxf8 60. Rxb5 axb5 1-0

[Event "Ivy League Challenge"]
[Site "Toronto"]
[Date "2018.11.09"]
[Round "2.3"]
[White "Hu, Bryan"]
[Black "Martinez, Isaac C"]
[Result "0-1"]
[WhiteElo "2240"]
[BlackElo "2127"]
[PlyCount "110"]
[EventDate "2018.11.09"]
[EventType "team-tourn"]
[EventRounds "5"]
[EventCountry "CAN"]
[SourceTitle "EXT 2022"]
[Source "ChessBase"]
[SourceDate "2021.10.06"]
[SourceVersion "1"]
[SourceVersionDate "2021.10.06"]
[SourceQuality "1"]
[WhiteTeam "Harvard Univ"]
[BlackTeam "Princeton University"]
[WhiteTeamCountry "USA"]
[BlackTeamCountry "USA"]

1. Nf3 d5 2. d4 Nf6 3. c4 c6 4. Nc3 a6 5. e3 b5 6. b3 Bg4 7. Be2 e6 8. 0-0 Nbd7 9. a3 Bd6 10. Qc2 0-0 11. h3 Bh5 12. Rd1 Qe7 13. Bb2 Rfc8 14. e4 Bg6 15. Bd3 bxc4 16. bxc4 dxc4 17. Bxc4 c5 18. Qe2 cxd4 19. Nxd4 Nh5 20. Bxa6 Rxc3 21. Bxc3 Nf4 22. Qf1 Bxe4 23. f3 Bd5 24. Bb4 Bxb4 25. axb4 Qxb4 26. Qf2 h6 27. Bf1 Rxa1 28. Rxa1 Ne5 29. Qe3 Nfg6 30. Rc1 Qb6 31. Be2 Qd8 32. g3 Nd7 33. Kf2 Nf6 34. h4 e5 35. Nb5 e4 36. Rd1 Qb8 37. Nc3 exf3 38. Bxf3 Bxf3 39. Qxf3 Ne5 40. Qe2 Neg4+ 41. Kg2 Qb7+ 42. Ne4 Qxe4+ 43. Qxe4 Nxe4 44. Kf3 Ngf6 45. g4 Kh7 46. Ra1 g6 47. Kf4 Nc5 48. Ra7 Kg7 49. Kf3 g5 50. hxg5 hxg5 51. Ra5 Ne6 52. Ra4 Nf8 53. Ra5 Kg6 54. Rb5 N8d7 55. Ra5 Ng8 0-1

[Event "Titled Tuesday intern op 1st Aug"]
[Site "Chess.com INT"]
[Date "2017.08.01"]
[Round "5"]
[White "Hu, Bryan"]
[Black "Martinez Reyes, Pedro Ramon"]
[Result "0-1"]
[WhiteElo "2229"]
[BlackElo "2410"]
[PlyCount "58"]
[EventDate "2017.08.01"]
[EventType "swiss (blitz)"]
[EventRounds "10"]
[EventCountry "USA"]
[SourceTitle "EXT 2021"]
[Source "ChessBase"]
[SourceDate "2020.10.23"]
[SourceVersion "1"]
[SourceVersionDate "2020.10.23"]
[SourceQuality "1"]

1. d4 d5 2. Nf3 Nf6 3. c4 e6 4. Nc3 Be7 5. Bg5 0-0 6. Rc1 a6 7. e3 Nbd7 8. Bd3 dxc4 9. Bxc4 b5 10. Bd3 c5 11. 0-0 Bb7 12. Qe2 Qb6 13. dxc5 Nxc5 14. Bb1 Rfd8 15. b4 Ncd7 16. a3 Rac8 17. Nd4 Ne5 18. Bxf6 Bxf6 19. Ne4 Bxe4 20. Bxe4 Nc4 21. a4 Bxd4 22. exd4 Rxd4 23. axb5 axb5 24. Bf3 g6 25. Rfd1 Rcd8 26. h3 Qd6 27. Rxd4 Qxd4 28. Bc6 Qf4 29. Bxb5 Qxc1+ 0-1

[Event "Titled Tuesday intern op 4th July"]
[Site "Chess.com INT"]
[Date "2017.07.04"]
[Round "1"]
[White "Vysochin, Spartak"]
[Black "Hu, Bryan"]
[Result "1-0"]
[WhiteElo "2531"]
[BlackElo "2229"]
[PlyCount "41"]
[EventDate "2017.07.04"]
[EventType "swiss (blitz)"]
[EventRounds "10"]
[EventCountry "USA"]
[SourceTitle "EXT 2021"]
[Source "ChessBase"]
[SourceDate "2020.10.23"]
[SourceVersion "1"]
[SourceVersionDate "2020.10.23"]
[SourceQuality "1"]

1. e4 e5 2. Nf3 Nc6 3. Bb5 a6 4. Bxc6 dxc6 5. 0-0 f6 6. d4 exd4 7. Nxd4 c5 8. Ne2 Qxd1 9. Rxd1 Bd7 10. Be3 0-0-0 11. Nbc3 Bd6 12. Bf4 Be5 13. Bxe5 fxe5 14. Rd5 Re8 15. Rad1 Bc6 16. Rxc5 Nf6 17. f3 g5 18. Nd5 Nh5 19. Ng3 Nxg3 20. hxg3 g4 21. Nf6 1-0

[Event "Titled Tuesday intern op 6th June"]
[Site "Chess.com INT"]
[Date "2017.06.06"]
[Round "1"]
[White "Vysochin, Spartak"]
[Black "Hu, Bryan"]
[Result "0-1"]
[WhiteElo "2531"]
[BlackElo "2229"]
[PlyCount "82"]
[EventDate "2017.06.06"]
[EventType "swiss (blitz)"]
[EventRounds "10"]
[EventCountry "USA"]
[SourceTitle "EXT 2021"]
[Source "ChessBase"]
[SourceDate "2020.10.23"]
[SourceVersion "1"]
[SourceVersionDate "2020.10.23"]
[SourceQuality "1"]

1. e4 e5 2. Nf3 Nc6 3. Bb5 a6 4. Bxc6 dxc6 5. 0-0 f6 6. d4 exd4 7. Nxd4 c5 8. Ne2 Qxd1 9. Rxd1 Bd7 10. Nbc3 Ne7 11. Nf4 0-0-0 12. Nfd5 Nc6 13. Bf4 Ne5 14. Bxe5 fxe5 15. Rd2 b5 16. Rad1 b4 17. Ne2 Bd6 18. Nb6+ cxb6 19. Rxd6 Kc7 20. f3 Be6 21. Rxd8 Rxd8 22. Rxd8 Kxd8 23. a3 a5 24. Kf2 b5 25. f4 a4 26. c3 bxa3 27. bxa3 exf4 28. Nxf4 Bc4 29. Ke3 b4 30. cxb4 cxb4 31. Kd4 bxa3 32. Kc3 Ke7 33. g4 g6 34. g5 Kd6 35. Ng2 Ke5 36. Ne3 Be6 37. Nc2 a2 38. Kb2 Kxe4 39. h4 Bb3 40. Nb4 Kf4 41. Nc6 Kg4 0-1

[Event "Titled Tuesday intern op1 2nd Aug"]
[Site "Chess.com INT"]
[Date "2016.08.02"]
[Round "7"]
[White "Hu, Bryan"]
[Black "Molina, Roberto Junio Brito"]
[Result "0-1"]
[WhiteElo "2229"]
[BlackElo "2446"]
[PlyCount "152"]
[EventDate "2016.08.02"]
[EventType "swiss (blitz)"]
[EventRounds "9"]
[EventCountry "USA"]
[SourceTitle "EXT 2021"]
[Source "ChessBase"]
[SourceDate "2020.10.23"]
[SourceVersion "1"]
[SourceVersionDate "2020.10.23"]
[SourceQuality "1"]

1. d4 c6 2. c4 d5 3. Nc3 Nf6 4. Nf3 dxc4 5. a4 Bf5 6. e3 e6 7. Bxc4 Bb4 8. 0-0 Nbd7 9. Qe2 Bg6 10. e4 0-0 11. e5 Nd5 12. Nxd5 cxd5 13. Bd3 Re8 14. Bxg6 hxg6 15. a5 a6 16. Bg5 Be7 17. Bd2 Nb8 18. b4 Nc6 19. b5 axb5 20. Qxb5 Qd7 21. Rfb1 Ra7 22. a6 Rea8 23. axb7 Rxa1 24. bxa8Q+ Rxa8 25. Rc1 Nxe5 26. Qxd7 Nxd7 27. Rc7 Ra1+ 28. Ne1 Bg5 29. Bb4 Nf6 30. Kf1 Ne4 31. Ke2 Ra2+ 32. Rc2 Rxc2+ 33. Nxc2 Bd8 34. f3 Nf6 35. Kd3 Bc7 36. g3 Nd7 37. Ne3 f6 38. Ng2 Kf7 39. f4 Nb8 40. Bd2 Nc6 41. Nh4 Bb6 42. Be3 Na5 43. Bc1 Nc4 44. Nf3 Ba5 45. h3 Ke7 46. g4 Ke8 47. Nh4 Kf7 48. Nf3 Bb4 49. Nh4 Be1 50. Nf3 Ba5 51. Nh4 Bc7 52. Nf3 Bd6 53. Nh4 Ba3 54. Bxa3 Nxa3 55. Kc3 Nb5+ 56. Kd3 Nd6 57. Nf3 Ne4 58. h4 Nf2+ 59. Kc3 Nxg4 60. Kb4 Ne3 61. Kc5 Nf5 62. Kc6 Ke7 63. Kc7 Ng3 64. Kc6 Ne2 65. Kc5 Nxf4 66. Kc6 Ne2 67. Kc5 Ng3 68. Kc6 Ne4 69. Kc7 g5 70. h5 g4 71. Nh4 f5 72. Ng6+ Kf6 73. Kd7 g3 74. Nf4 Nd2 75. Kd6 Nf3 76. Nxe6 g2 0-1

[Event "Titled Tuesday intern op 5th July"]
[Site "Chess.com INT"]
[Date "2016.07.05"]
[Round "7"]
[White "Hu, Bryan"]
[Black "Kotepalli, Sai Nirupama"]
[Result "1-0"]
[WhiteElo "2229"]
[BlackElo "1944"]
[PlyCount "95"]
[EventDate "2016.07.05"]
[EventType "swiss (blitz)"]
[EventRounds "9"]
[EventCountry "USA"]
[SourceTitle "EXT 2021"]
[Source "ChessBase"]
[SourceDate "2020.10.23"]
[SourceVersion "1"]
[SourceVersionDate "2020.10.23"]
[SourceQuality "1"]

1. d4 Nf6 2. Nf3 d6 3. c4 g6 4. Nc3 Bg7 5. e4 0-0 6. Be2 e5 7. d5 a6 8. 0-0 b5 9. cxb5 axb5 10. Bxb5 Ba6 11. Bxa6 Nxa6 12. Be3 Ng4 13. Bg5 Qd7 14. a3 f5 15. b4 h6 16. Bd2 f4 17. Qa4 Qf7 18. Qc6 g5 19. b5 Nc5 20. b6 cxb6 21. Qxd6 Rab8 22. Rab1 Qh5 23. Rxb6 Rxb6 24. Qxb6 Nd7 25. Qe6+ Rf7 26. Rb1 Kh8 27. Rb7 Ngf6 28. h3 Qg6 29. a4 h5 30. a5 g4 31. Ne1 f3 32. a6 gxh3 33. Qxh3 Nc5 34. Rxf7 Qxf7 35. Nxf3 Nxa6 36. Nxe5 Qe8 37. Nc6 Nxe4 38. Nxe4 Qxe4 39. Qxh5+ Kg8 40. Be3 Nc7 41. Qg5 Kf7 42. d6 Qxc6 43. Qe7+ Kg6 44. dxc7 Bf6 45. Qd8 Qb5 46. c8Q Qb1+ 47. Kh2 Bxd8 48. Qxd8 1-0

[Event "Titled Tuesday intern op1 5th July"]
[Site "Chess.com INT"]
[Date "2016.07.05"]
[Round "8"]
[White "Hu, Bryan"]
[Black "Kotepalli, Sai Nirupama"]
[Result "0-1"]
[WhiteElo "2229"]
[BlackElo "1944"]
[PlyCount "110"]
[EventDate "2016.07.05"]
[EventType "swiss (blitz)"]
[EventRounds "9"]
[EventCountry "USA"]
[SourceTitle "EXT 2021"]
[Source "ChessBase"]
[SourceDate "2020.10.23"]
[SourceVersion "1"]
[SourceVersionDate "2020.10.23"]
[SourceQuality "1"]

1. d4 Nc6 2. Nf3 d5 3. c4 Bg4 4. Nc3 e6 5. e3 Nf6 6. Be2 Bb4 7. 0-0 0-0 8. a3 Bxc3 9. bxc3 dxc4 10. Bxc4 Ne4 11. Bb2 Na5 12. Be2 Qf6 13. c4 Bxf3 14. gxf3 Nd6 15. Rc1 Nf5 16. Kh1 Rad8 17. Qc2 Qh6 18. Rg1 Nc6 19. Qe4 Nce7 20. Bd3 Ng6 21. d5 Nd6 22. Qd4 e5 23. Qxa7 Qh5 24. Be2 e4 25. Qd4 f6 26. Qd1 exf3 27. Bxf3 Qh4 28. Rg2 Ne4 29. Qc2 Ng5 30. Bg4 Rfe8 31. Rcg1 Re4 32. Bf5 Rxc4 33. Qb3 Nf3 34. d6 Rxd6 35. Bd3 Rxd3 36. Qxd3 Nxg1 37. Qd5+ Kf8 38. Qd8+ Kf7 39. Qd5+ Ke7 40. Kxg1 Qe4 41. Qxe4+ Rxe4 42. Kf1 Kf7 43. Ke2 Re6 44. Bc3 Nf4+ 45. Kf3 Nxg2 46. Kxg2 Ra6 47. Bb2 c5 48. Kf3 b5 49. Ke4 Ra4+ 50. Kd5 b4 51. axb4 cxb4 52. Kc4 Ra5 53. Kxb4 Rh5 54. Kc4 Rxh2 55. f4 Rxb2 0-1

[Event "Titled Tuesday intern op 5th July"]
[Site "Chess.com INT"]
[Date "2016.07.05"]
[Round "4"]
[White "Hu, Bryan"]
[Black "Zaksaite, Salomeja"]
[Result "1/2-1/2"]
[WhiteElo "2229"]
[BlackElo "2336"]
[PlyCount "143"]
[EventDate "2016.07.05"]
[EventType "swiss (blitz)"]
[EventRounds "9"]
[EventCountry "USA"]
[SourceTitle "EXT 2021"]
[Source "ChessBase"]
[SourceDate "2020.10.23"]
[SourceVersion "1"]
[SourceVersionDate "2020.10.23"]
[SourceQuality "1"]

1. d4 Nf6 2. c4 g6 3. Nc3 d5 4. Nf3 Bg7 5. Qb3 dxc4 6. Qxc4 0-0 7. e4 Bg4 8. Be3 Nfd7 9. Rd1 Nb6 10. Qb3 Nc6 11. d5 Bxf3 12. gxf3 Ne5 13. Be2 Qc8 14. h4 c6 15. h5 cxd5 16. hxg6 hxg6 17. Bxb6 axb6 18. Nxd5 Qc5 19. f4 Nc6 20. Qh3 Rfd8 21. f5 Nd4 22. fxg6 fxg6 23. Rxd4 Qxd4 24. Qe6+ Kf8 25. Qxe7+ Kg8 26. Qe6+ Kf8 27. Rh3 Rxd5 28. exd5 Bf6 29. Rf3 Kg7 30. Qd7+ Kg8 31. Qd6 Rf8 32. Kf1 Qxb2 33. Qe6+ Kg7 34. Bd3 Qa1+ 35. Kg2 Qe5 36. Qd7+ Rf7 37. Qg4 Qg5 38. Rg3 Qxg4 39. Rxg4 g5 40. f4 Kh6 41. Kf3 gxf4 42. Rxf4 Kg7 43. Rg4+ Kf8 44. Ke4 Re7+ 45. Kf5 Bg7 46. Be4 Re5+ 47. Kf4 Re7 48. Rg6 Be5+ 49. Kf5 b5 50. Rb6 Kf7 51. Rxb5 Bd6 52. Rb6 Re5+ 53. Kf4 Rxd5+ 54. Ke3 Bc5+ 55. Kf3 Bxb6 56. Bxd5+ Ke7 57. Bxb7 Kd6 58. Ke4 Kc5 59. Kd3 Ba5 60. Kc2 Kb6 61. Bd5 Ka7 62. Bg8 Bb6 63. Kb3 Bg1 64. Ka4 Bf2 65. Kb5 Bg1 66. a4 Bf2 67. Be6 Bg1 68. Bd7 Bf2 69. Bc6 Bg1 70. Kc4 Bf2 71. Bb5 Bg1 72. Kd3 1/2-1/2

[Event "Titled Tuesday intern op1 5th July"]
[Site "Chess.com INT"]
[Date "2016.07.05"]
[Round "7"]
[White "Sochacki, Christophe"]
[Black "Hu, Bryan"]
[Result "1-0"]
[WhiteElo "2416"]
[BlackElo "2229"]
[PlyCount "69"]
[EventDate "2016.07.05"]
[EventType "swiss (blitz)"]
[EventRounds "9"]
[EventCountry "USA"]
[SourceTitle "EXT 2021"]
[Source "ChessBase"]
[SourceDate "2020.10.23"]
[SourceVersion "1"]
[SourceVersionDate "2020.10.23"]
[SourceQuality "1"]

1. h4 Nf6 2. h5 d5 3. a4 c5 4. a5 Nc6 5. e3 e5 6. Nf3 Bg4 7. Be2 Bxh5 8. d4 e4 9. Ne5 Bxe2 10. Qxe2 Bd6 11. a6 Nxe5 12. axb7 Rb8 13. dxe5 Bxe5 14. Qb5+ Nd7 15. Rxa7 0-0 16. Bd2 Qb6 17. Qxb6 Nxb6 18. b3 f5 19. 0-0 Rf7 20. Ra5 Bd6 21. Nc3 Rfxb7 22. Rd1 Be7 23. Bc1 Rd7 24. Rb5 Rdd8 25. Ba3 Bf6 26. Nxd5 Nxd5 27. Rxb8 Rxb8 28. Rxd5 c4 29. bxc4 g6 30. c5 Ra8 31. Bb4 Ra1+ 32. Kh2 Rc1 33. c6 Rxc2 34. Bc5 Be7 35. c7 1-0

[Event "Titled Tuesday intern op1 7th June"]
[Site "Chess.com INT"]
[Date "2016.06.07"]
[Round "1"]
[White "Hu, Bryan"]
[Black "Gozzoli, Yannick"]
[Result "0-1"]
[WhiteElo "2229"]
[BlackElo "2571"]
[PlyCount "52"]
[EventDate "2016.06.07"]
[EventType "swiss (blitz)"]
[EventRounds "9"]
[EventCountry "USA"]
[SourceTitle "EXT 2021"]
[Source "ChessBase"]
[SourceDate "2020.10.23"]
[SourceVersion "1"]
[SourceVersionDate "2020.10.23"]
[SourceQuality "1"]

1. d4 d5 2. Nf3 Nf6 3. c4 c6 4. Nc3 dxc4 5. a4 Bg4 6. Ne5 Bh5 7. Nxc4 e6 8. Qb3 Na6 9. e3 Nb4 10. Be2 Bg6 11. 0-0 Bc2 12. Qa3 Bf5 13. Qb3 a5 14. Bd2 Be7 15. Na3 0-0 16. Rad1 Bd6 17. h3 Qe7 18. Bf3 e5 19. dxe5 Qxe5 20. g3 Bxh3 21. Rfe1 Be6 22. Nc4 Qc5 23. Be2 b5 24. axb5 cxb5 25. Nxb5 Qxb5 26. Nxd6 Qxe2 0-1

[Event "Wch U16"]
[Site "Al Ain"]
[Date "2013.12.22"]
[Round "6"]
[White "Barros Rivadeneira, Cristhian"]
[Black "Hu, Bryan"]
[Result "1-0"]
[WhiteElo "2243"]
[BlackElo "2176"]
[PlyCount "77"]
[EventDate "2013.12.18"]
[EventType "swiss"]
[EventRounds "11"]
[EventCountry "UAE"]
[SourceTitle "CBM 158 Extra"]
[Source "ChessBase"]
[SourceDate "2014.02.28"]
[SourceVersion "1"]
[SourceVersionDate "2014.02.28"]
[SourceQuality "1"]

1. e4 e6 2. d4 d5 3. Nc3 Bb4 4. e5 c5 5. a3 Bxc3+ 6. bxc3 Ne7 7. Qg4 0-0 8. Bd3 Nbc6 9. Nf3 f5 10. exf6 Rxf6 11. Bg5 e5 12. Qg3 Rxf3 13. gxf3 c4 14. Be2 Qa5 15. Bd2 exd4 16. cxd4 c3 17. Be3 Bf5 18. Rg1 g6 19. Qd6 Rd8 20. Qf6 Rf8 21. Qd6 Nc8 22. Qc5 Qxc5 23. dxc5 Bxc2 24. Rc1 Bf5 25. Rxc3 d4 26. Rb3 dxe3 27. Rxb7 exf2+ 28. Kxf2 Be6 29. Rc7 N8e7 30. Rd1 Rc8 31. Rxc8+ Bxc8 32. Bc4+ Kf8 33. Rd6 Ne5 34. Rd8+ Kg7 35. Bb5 Kf6 36. c6 a6 37. Ba4 Nc4 38. c7 Nb6 39. Rd6+ 1-0

[Event "American op 49th"]
[Site "Orange"]
[Date "2013.11.29"]
[Round "3"]
[White "Remlinger, Larry"]
[Black "Hu, Bryan"]
[Result "1-0"]
[WhiteElo "2300"]
[BlackElo "2176"]
[PlyCount "57"]
[EventDate "2013.11.28"]
[EventType "swiss"]
[EventRounds "8"]
[EventCountry "USA"]
[SourceTitle "EXT 2015"]
[Source "ChessBase"]
[SourceDate "2014.11.20"]
[SourceVersion "1"]
[SourceVersionDate "2014.11.20"]
[SourceQuality "1"]

1. Nf3 Nf6 2. c4 g6 3. b4 Bg7 4. Bb2 0-0 5. g3 b6 6. Bg2 Bb7 7. 0-0 Na6 8. b5 Nc5 9. d4 Nce4 10. Nbd2 a6 11. Nxe4 Bxe4 12. a4 axb5 13. axb5 Rxa1 14. Qxa1 Qa8 15. d5 Qb7 16. Qa3 e6 17. dxe6 dxe6 18. Rd1 Qa8 19. Qe7 Re8 20. Bxf6 Rxe7 21. Bxe7 Bd5 22. cxd5 Qa4 23. Rc1 Bb2 24. Rxc7 Qd1+ 25. Bf1 Qxd5 26. e4 Qxe4 27. Rc8+ Kg7 28. Bf8+ Kf6 29. Rc4 1-0